Simulation of the internal sample temperature of rubber components during cyclic deformation (Record no. 68732)

MARC details
000 -LEADER
fixed length control field 00511nam a2200181Ia 4500
100 ## - MAIN ENTRY--AUTHOR NAME
Personal name Fritzsche J
245 #0 - TITLE STATEMENT
Title Simulation of the internal sample temperature of rubber components during cyclic deformation
260 ## - PUBLICATION, DISTRIBUTION, ETC. (IMPRINT)
Name of publisher Kautschuk Gummi Kunststoffe
Year of publication 2011
300 ## - PHYSICAL DESCRIPTION
Number of Pages 44-51
650 ## - SUBJECT ADDED ENTRY--TOPICAL TERM
Topical Term Aging
650 ## - SUBJECT ADDED ENTRY--TOPICAL TERM
Topical Term Energy dissipation
650 ## - SUBJECT ADDED ENTRY--TOPICAL TERM
Topical Term Fatigue
650 ## - SUBJECT ADDED ENTRY--TOPICAL TERM
Topical Term Heat buil up
650 ## - SUBJECT ADDED ENTRY--TOPICAL TERM
Topical Term Temperature simulation
700 ## - ADDED ENTRY--PERSONAL NAME
Personal name Kluppel M
942 ## - ADDED ENTRY ELEMENTS (KOHA)
Koha item type Journals
Holdings
Withdrawn status Lost status Damaged status Not for loan Home library Current library Shelving location Date acquired Serial Enumeration / chronology Koha item type
      Journals RRII Library RRII Library Rubber technology 04/08/2011 Volume 64, Issue 6 Journals